000 00331 a2200157 4500
001 192588
020 _a0-7214-1554-2
040 _cMagnum
100 _aDaly, Audrey
240 1 0 _aBeauty and the beast
_lING
245 1 0 _aBeauty and the beast
300 _a24
362 0 _a1993
697 _aLITERATURA INGLESA
942 _cBK
999 _c192588
_d192588